000
00311nam a22001337a 4500
008
170815b xxu||||| |||| 00| 0 eng d
020
_a
9780471109143
041
_a
eng
080
_a
311
100
_a
36
101
_a
MAT
245
_a
STATISTICS FOR BUSSINESS AND ECONOMICS
_c
MANN.P.S
942
_2
udc
_c
BK
999
_c
23498
_d
23498